Fertilizer statistics for Texas, 1926-1938 /

Bibliographic Details
Main Author: Fraps, G. S. (George Stronach), 1876-
Corporate Author: Texas Agricultural Experiment Station
Other Authors: Ogier, T. L. (Thomas Louis)
Format: Government Document Book
Language:English
Published: College Station, Tex. : Texas Agricultural Experiment Station, 1939.
Series:Bulletin (Texas Agricultural Experiment Station) ; no. 572.
Subjects:

MARC

Tag First Indicator Second Indicator Subfields
LEADER 00000cam a2200000Ia 4500
001 in00002467150
005 20151110121753.0
008 850723s1939 txu s000 0 eng d
035 |a (OCoLC)ocm12297414 
035 |a (OCoLC)12297414 
040 |a TWT  |c TWT  |d AGL  |d OCLCQ  |d OCLCG  |d TXA  |d UtOrBLW 
043 |a n-us-tx 
049 |a TXAM 
070 0 |a 100  |b T31S (1) no.572 
072 0 |a J500 
086 |a Z TA245.7 B873 no.572  |2 txdocs 
092 |a 630.7  |b T31b, no.572 
100 1 |a Fraps, G. S.  |q (George Stronach),  |d 1876- 
245 1 0 |a Fertilizer statistics for Texas, 1926-1938 /  |c G.S. Fraps and T.L. Ogier. 
264 1 |a College Station, Tex. :  |b Texas Agricultural Experiment Station,  |c 1939. 
300 |a 22 pages ;  |c 23 cm. 
336 |a text  |b txt  |2 rdacontent 
337 |a unmediated  |b n  |2 rdamedia 
338 |a volume  |b nc  |2 rdacarrier 
490 1 |a Bulletin / Texas Agricultural Experiment Station ;  |v no. 572 
500 |a Caption title. 
500 |a "February, 1939." 
650 0 |a Fertilizer industry  |z Texas. 
650 0 |a Fertilizers  |z Texas. 
700 1 |a Ogier, T. L.  |q (Thomas Louis) 
710 2 |a Texas Agricultural Experiment Station. 
830 0 |a Bulletin (Texas Agricultural Experiment Station) ;  |v no. 572. 
994 |a C0  |b TXA 
948 |a cataloged  |b h  |c 2009/06/05  |e mansari  |f 08:38:31 am 
999 |a MARS 
999 f f |s 97cc98e1-e837-3b1b-a11e-2edae88faf86  |i 77d8e0d6-1745-3c22-853e-3f6d62984a68  |t 0 
952 f f |p normal  |a Texas A&M University  |b College Station  |c Sterling C. Evans Library  |d Evans: Texas Documents (Annex 5th floor)  |t 0  |e Z TA245.7 B873 no.566-575  |h Superintendent of Documents classification  |i unmediated -- volume  |k no.566-575  |l 1938:Sept-1939:June  |m A14816384980 
952 f f |a Texas A&M University  |b College Station  |c Sterling C. Evans Library  |d Evans: Texas Documents (Annex 5th floor)  |t 0  |e Z TA245.7 B873 no.566-575  |h Superintendent of Documents classification 
998 f f |a Z TA245.7 B873 no.566-575  |s 566-575  |t 0  |l Evans: Texas Documents (Annex 5th floor)